000 00241nam a22001217a 4500
082 _a004 HEL
100 _aHELD GILBERT
_936816
245 _aIBM PC & PC XT
250 _a2ND
260 _aDELHI
_bPDF
_c1987
300 _a479P
942 _cBK
999 _c574246
_d574246